|
|
|
|
| LEADER |
04230nam a2200481 a 4500 |
| 001 |
0009459 |
| 003 |
BD-DhAAL |
| 005 |
20250818162230.0 |
| 008 |
090720r20171992bg a b f000 0 eng d |
| 010 |
|
|
|a 92910054
|
| 020 |
|
|
|a 9845123376
|
| 040 |
|
|
|a DLC
|c DLC
|d DLC
|d BD-DhAAL
|
| 082 |
0 |
0 |
|a 954.92
|2 20
|
| 245 |
0 |
0 |
|a History of Bangladesh, 1704-1971.
|n Volume one /
|c edited by Sirajul Islam ; editorial assistant, Sajahan Miah.
|b
|
| 250 |
|
|
|a Third edition.
|
| 260 |
|
|
|a Dhaka, Bangladesh :
|b Asiatic Society of Bangladesh ;
|b Distributing agent, Academic Publishers,
|c 2007 [reprinted 2017].
|
| 300 |
|
|
|a 623 pages :
|b illustrations, maps ;
|c 25 cm
|
| 362 |
0 |
|
|a Vol. 1
|
| 504 |
|
|
|a Includes bibliographical references with each chapter.
|
| 505 |
0 |
|
|a v. 1. Political history.
|
| 526 |
|
|
|a GenEd
|x Salim khan
Sr. program Associate
James P. Grant School
Course name and no. N/A
|
| 541 |
1 |
|
|a Paragon Enterprises
Book Finder International
|e 00018418, 37372, 37373, 41720, 41721, 41722, 41723, 41724, 41725
|
| 651 |
|
0 |
|a Bangladesh
|x History.
|9 1851
|
| 651 |
|
0 |
|a Bengal (India)
|x History.
|9 1852
|
| 700 |
1 |
|
|a Islam, Sirajul,
|d 1939-
|9 1853
|
| 700 |
0 |
|
|a Miah, Sajahan
|9 1854
|
| 710 |
2 |
|
|a Asiatic Society of Bangladesh.
|9 1855
|
| 852 |
4 |
|
|a Ayesha Abed Library
|c General stacks
|
| 942 |
|
|
|2 ddc
|c BK
|
| 999 |
|
|
|c 2559
|d 2559
|
| 952 |
|
|
|0 0
|1 0
|2 ddc
|4 0
|6 954_920000000000000_HIS
|7 0
|9 2331
|a JPGSPH
|b JPGSPH
|c GEN
|d 2009-04-28
|e Paragon Enterprize Ltd.,
|g 2095.00
|l 0
|o 954.92 HIS
|p 3010018418
|r 2009-07-21
|t 1
|w 2009-07-21
|y BK
|x Requisitioned by Salim khan, Sr. program Associate, James P. Grant School. Course name and no. N/A
|
| 952 |
|
|
|0 0
|1 0
|2 ddc
|4 0
|6 954_920000000000000_HIS
|7 0
|9 16261
|a BRACUL
|b BRACUL
|c CIR
|d 2011-05-03
|l 98
|m 45
|o 954.92 HIS
|p 3010009459
|r 2026-04-21
|s 2026-04-12
|t 2
|w 2011-05-03
|y 1HOUR
|x According to Gazi Md. Mizanur Rahman (Assistant Professor, ENH) instruction, the book has been reserved as one hour loan.
|
| 952 |
|
|
|0 0
|1 0
|2 ddc
|4 0
|6 954_920000000000000_HIS
|7 0
|9 16262
|a BRACUL
|b BRACUL
|c CIR
|d 2011-05-03
|l 100
|m 56
|o 954.92 HIS
|p 3010009460
|r 2026-04-23
|s 2026-04-23
|t 3
|w 2011-05-03
|y 1HOUR
|x According to Gazi Md. Mizanur Rahman (Assistant Professor, ENH) instruction, the book has been reserved as one hour loan.
|
| 952 |
|
|
|0 0
|1 0
|2 ddc
|4 0
|6 954_920000000000000_HIS
|7 0
|9 43597
|a SCL
|b SCL
|c GEN
|d 2005-12-19
|l 10
|m 6
|o 954.92 HIS
|p 3020006055
|r 2025-05-11
|s 2025-04-09
|t 4
|w 2014-09-01
|y BK
|
| 952 |
|
|
|0 0
|1 0
|2 ddc
|4 0
|6 954_920000000000000_HIS
|7 0
|9 43598
|a SCL
|b SCL
|c GEN
|d 2005-12-19
|l 12
|m 3
|o 954.92 HIS
|p 3020006056
|r 2024-11-12
|s 2024-11-06
|t 5
|w 2014-09-01
|y BK
|
| 952 |
|
|
|0 0
|1 0
|2 ddc
|4 0
|6 954_920000000000000_HIS
|7 0
|9 43599
|a SCL
|b SCL
|c GEN
|d 2005-12-19
|l 16
|m 27
|o 954.92 HIS
|p 3020006054
|r 2025-09-14
|s 2025-08-23
|t 6
|w 2014-09-01
|y BK
|
| 952 |
|
|
|0 0
|1 0
|2 ddc
|4 0
|6 954_920000000000000_HIS
|7 0
|9 69166
|a SCL
|b SCL
|c GEN
|d 2020-12-09
|e Hye Trade International
|g 829.34
|l 16
|m 16
|o 954.92 HIS
|p 3020037373
|r 2025-11-15
|s 2025-11-12
|t 7
|v 829.34
|w 2020-12-09
|y BK
|x Received during COVID-19 pandemic
|
| 952 |
|
|
|0 0
|1 0
|2 ddc
|4 0
|6 954_920000000000000_HIS
|7 0
|9 69167
|a SCL
|b SCL
|c GEN
|d 2020-12-09
|e Hye Trade International
|g 829.34
|l 14
|m 44
|o 954.92 HIS
|p 3020037372
|r 2025-11-16
|s 2025-11-11
|t 8
|v 829.34
|w 2020-12-09
|y BK
|x Received during COVID-19 pandemic
|
| 952 |
|
|
|0 0
|1 0
|2 ddc
|4 0
|6 954_920000000000000_HIS
|7 0
|9 74356
|a SCL
|b SCL
|c GEN
|d 2023-09-08
|e Book Finder International
|g 742.56
|l 17
|m 2
|o 954.92 HIS
|p 3020041722
|r 2025-11-15
|s 2025-11-09
|t 11
|v 742.56
|w 2023-09-08
|y BK
|
| 952 |
|
|
|0 0
|1 0
|2 ddc
|4 0
|6 954_920000000000000_HIS
|7 0
|9 74357
|a SCL
|b SCL
|c GEN
|d 2023-09-08
|e Book Finder International
|g 742.56
|l 11
|m 24
|o 954.92 HIS
|p 3020041721
|r 2025-09-14
|s 2025-08-26
|t 10
|v 742.56
|w 2023-09-08
|y BK
|
| 952 |
|
|
|0 0
|1 0
|2 ddc
|4 0
|6 954_920000000000000_HIS
|7 0
|9 74358
|a SCL
|b SCL
|c GEN
|d 2023-09-08
|e Book Finder International
|g 742.56
|l 7
|m 3
|o 954.92 HIS
|p 3020041720
|r 2025-11-17
|s 2025-11-11
|t 9
|v 742.56
|w 2023-09-08
|y BK
|
| 952 |
|
|
|0 0
|1 0
|2 ddc
|4 0
|6 954_920000000000000_HIS
|7 0
|9 74359
|a SCL
|b SCL
|c GEN
|d 2023-09-08
|e Book Finder International
|g 742.56
|l 11
|m 7
|o 954.92 HIS
|p 3020041723
|r 2025-11-19
|s 2025-11-09
|t 12
|v 742.56
|w 2023-09-08
|y BK
|
| 952 |
|
|
|0 0
|1 0
|2 ddc
|4 0
|6 954_920000000000000_HIS
|7 0
|9 74360
|a SCL
|b SCL
|c GEN
|d 2023-09-08
|e Book Finder International
|g 742.56
|l 13
|m 24
|o 954.92 HIS
|p 3020041724
|r 2025-12-02
|s 2025-10-31
|t 13
|v 742.56
|w 2023-09-08
|y BK
|